000
00256nam a22001337a 4500
999
_c
160902
_d
160902
020
_a
082
_a
_b
100
_a
Kamaleswar
245
_a
Katha samskrithi/
_c
by Kamaleswar.
260
_a
_b
_c
300
_a
699p.
650
_a
942
_c
BK